| 000 | 01342nam a22003491 4500 | ||
|---|---|---|---|
| 001 | bslw10046547 | ||
| 005 | 20240305165650.0 | ||
| 006 | m o d | ||
| 007 | cr un ---uuuua | ||
| 008 | 230421s2022 au o 000 0 eng d | ||
| 020 |
_a9789210015448 _q(e-ISBN) |
||
| 020 | _a9789211304497 | ||
| 035 | _a38272 | ||
| 040 |
_aUtOrBLW _beng _erda _cUtOrBLW |
||
| 050 | 4 |
_aK1370 _b.U55 2022 |
|
| 082 | 0 | 4 |
_a346.078 _223 |
| 110 | 2 |
_aUnited Nations Commission on International Trade Law, _eauthor. |
|
| 245 | 1 | 0 |
_aUNCITRAL legislative guide on insolvency law. _nPart five, _pInsolvency law for micro and small enterprises / _cUnited Nations Commission on International Trade Law. |
| 246 | 3 | 0 | _aInsolvency law for micro and small enterprises |
| 246 | 3 | _aUnited Nations Commission on International Trade Law legislative guide on insolvency law | |
| 264 | 1 |
_aVienna : _bUnited Nations, _c2022. |
|
| 300 | _a1 online resource (xii, 209 pages) | ||
| 336 |
_atext _btxt _2rdacontent |
||
| 337 |
_acomputer _bc _2rdamedia |
||
| 338 |
_aonline resource _bcr _2rdacarrier |
||
| 500 | _a"Sales No.: E.22.V.19"--Title page verso. | ||
| 650 | 0 |
_aBusiness failures _xLaw and legislation. |
|
| 650 | 0 | _aBankruptcy. | |
| 650 | 0 |
_aSmall business _xLegal status, laws, etc. |
|
| 856 | 4 | 0 | _uhttps://app.vlex.com/#/sources/38272 |
| 942 | _cRAA | ||
| 999 |
_c172709 _d172709 |
||